Útočná puška AK-47 a její modifikace /

Hlavní autor: Rottman, Gordon L., 1947-
Jazyk: Čeština
Vydáno: Praha : Grada, 2012
Vydání: 1. vyd.
Edice: Zbraně
Témata:
Fyzický popis: 80 s. : il. (převážně barev.), portréty ; 24 cm
Knihy
Uloženo v:
LEADER 01630nam a2200505 a 4500
001 nkc20122391528
003 CZ PrNK
005 20121106145446.0
007 ta
008 120816s2012 xr ac f 001 0 cze
015 |a cnb002391528 
020 |a 978-80-247-4363-9  |q (brož.) 
035 |a (OCoLC)817048802 
040 |a BOA001  |b cze  |d ABA001 
041 1 |a cze  |h eng 
043 |a e-ru--- 
072 7 |a 623  |x Vojenská technika  |2 Konspekt  |9 19 
080 |a 623.44  |2 MRF 
080 |a (470+571)  |2 MRF 
080 |a (048.8)  |2 MRF 
100 1 |a Rottman, Gordon L.,  |d 1947-  |7 mzk2007401329  |4 aut 
245 1 0 |a Útočná puška AK-47 a její modifikace /  |c Gordon L. Rottman ; [přeložil Jan Syka] 
246 3 |a AK-47 
250 |a 1. vyd. 
260 |a Praha :  |b Grada,  |c 2012 
300 |a 80 s. :  |b il. (převážně barev.), portréty ;  |c 24 cm 
490 1 |a Zbraně 
500 |a Přeloženo z angličtiny 
500 |a Terminologický slovník 
504 |a Obsahuje bibliografii a rejstřík 
650 0 7 |a Kalašnikov (zbraně)  |7 ph250798  |2 czenas 
650 0 7 |a AK-47  |7 ph730286  |2 czenas 
650 0 7 |a ruční palné zbraně  |7 ph116089  |z Rusko  |2 czenas 
650 0 9 |a Kalashnikov (firearms)  |2 eczenas 
650 0 9 |a AK-47 rifle  |2 eczenas 
650 0 9 |a hand firearms  |z Russia  |2 eczenas 
655 7 |a monografie  |7 fd132842  |2 czenas 
655 9 |a monographs  |2 eczenas 
765 0 |t AK-47  |9 Česky 
830 0 |a Zbraně  |0 s 
910 2 |a BOA001  |b 2-1288.981 
990 |a BK 
995 |a 01 
991 |b 201210  |c NOV  |e n 
996 6 |b 2610521963  |c 2-1288.981  |l MZK  |r Sklad / do 1 hodiny  |n 3  |p p.v.  |w 001281656  |u 000010  |a 1  |e BOA001  |j MZK50  |s P